| 000 | 00877nam a2200229 i 4500 | ||
|---|---|---|---|
| 003 | OSt | ||
| 005 | 20251214093425.0 | ||
| 008 | 250526s2017 -us||||| |||| 00| 0 eng d | ||
| 020 | _a9780997716207 | ||
| 040 |
_cLHL _erda _beng |
||
| 100 |
_aPadma Sambhava, _dapproximately 717-approximately 762 |
||
| 245 |
_aPowerful transformation ; _bthe alchemy of the secret heart essence / _cPadmasambhava, Chokgyur Lingpa, Kyabje Dilgo Khyentse, Tulku Urgyen Rinpoche, and others. |
||
| 264 |
_aNovato, CA : _bRangjung Yeshe Publications, _c2017. |
||
| 300 |
_a231 pages : _c23 cm. |
||
| 336 |
_2rdacontent _atext _btxt |
||
| 337 |
_2rdamedia _aunmediated _bn |
||
| 338 |
_2rdacarrier _avolume _bnc |
||
| 700 |
_aMchog-gyur-gliá¹…-pa, Gter-ston, _d1829-1870 |
||
| 700 |
_aRab-gsal-zla-ba, Dil-mgo Mkhyen-brtse, _d1910-1991 |
||
| 700 |
_aUrgyen, _cTulku, Rinpoche |
||
| 942 |
_2LCS _cBOOK _n0 |
||
| 999 |
_c2859 _d2859 |
||